00934nam a22002777a 45000010005000000030006000050050017000110080041000280200021000690400029000900500017001190820010001361000018001462450048001642500032002122600044002443000049002884900020003375050008003575200112003655210032004775210020005096500048005296500045005777000034006226994FISKH20250617092625.0250617b cb ||||| |||| 00| 0 eng d a9780516263939eng aFISKHbengcFISKHdFISKH aQC173.16.H49 a530.4 aHewitt, Sally aSolid, liquid, or gas ? /cBy Sally Hewitt  aFirst American edition 1998 aNew York :bChildren's Press , c1997.  a30 pages :bcolor illustrations ;c24x24 cm. aIt's science !  aK  aPresents information about the properties of solids, liquids, and gases, using observation and activities. 8 a510 bLexile estimate 8 aK bRaz-Plus  aMatter--ConstitutionvJuvennile Literature  aMatter--Properties vJuvenile Literature aCooke, RacheleSeries Editor